| 000 | 01161nmm a2200409 a 4500 | ||
|---|---|---|---|
| 003 | AR-Y00000XR | ||
| 005 | 20251128211900.0 | ||
| 008 | 097020s2004 ||||||||||||||000 | spa|| | ||
| 020 | _a987-9028-22-8 | ||
| 040 | _cAR-Y00000XR | ||
| 245 | 1 | 0 | _aLa cuestión social en Argentina 1870-1943 |
| 250 | _a2ª ed. | ||
| 260 |
_aBuenos Aires _bAgencia Nacional de Promoción Científica y Tecnológica _c2004 _bEditorial La colmena |
||
| 300 | 0 | _a334 p. | |
| 504 | _aContiene bibliografía en p. 331-334 | ||
| 600 | 1 | 4 | _aYrigoyen, Hipólito |
| 650 | 4 | _aPOLITICA ARGENTINA | |
| 650 | 4 | _aSIGLO DIECINUEVE | |
| 650 | 4 | _aSIGLO VEINTE | |
| 650 | 4 | _aHISTORIA POLITICA ARGENTINA | |
| 650 | 4 | _aHISTORIA SOCIAL | |
| 650 | 4 | _aINSTITUCIONES SOCIALES | |
| 650 | 4 | _aCAMBIO SOCIAL | |
| 650 | 4 | _aANARQUISMO | |
| 650 | 4 | _aPOLITICA LABORAL | |
| 650 | 4 | _aCRIMINOLOGIA | |
| 650 | 4 | _aMEDICINA SOCIAL | |
| 650 | 4 | _aABORIGENES ARGENTINOS | |
| 650 | 4 | _aFEMINISMO | |
| 650 | 4 | _aFENOMENO SOCIAL | |
| 651 | 4 | _aArgentina | |
| 651 | 4 | _aRosario | |
| 653 | 0 | _aEXCLUSION SOCIAL | |
| 700 | 1 |
_aSuriano, Juan _ecompilador |
|
| 942 | _cBK | ||
| 998 | _cme-solo cat | ||
| 999 |
_c21456 _d21456 |
||